[Event "LYM - Young Masters"]
[Site "Lausanne - Hôtel Alpha Palmier"]
[Date "2003.09.18"]
[Round "1.2"]
[White "Papa, Séverin"]
[Black "Bacrot, Etienne"]
[Result "1/2-1/2"]
[WhiteElo "2372"]
[BlackElo "2645"]
[PlyCount "85"]
[EventDate "2003.09.17"]

1. e4 e5 2. Nf3 Nc6 3. Bb5 a6 4. Ba4 Nf6 5. O-O Be7 6. Bxc6 dxc6 7. d3 Nd7 8.
Nbd2 O-O 9. Nc4 f6 10. Nh4 Nc5 11. Nf5 Bxf5 12. exf5 Qd5 13. Qg4 Rfe8 14. Re1
Rad8 15. Nd2 Qf7 16. Qf3 Rd4 17. Ne4 Nxe4 18. dxe4 Qc4 19. Qb3 Red8 20. g3 Qxb3
21. axb3 c5 22. c3 R4d6 23. Be3 Rb6 24. b4 Rc6 25. bxc5 Bxc5 26. Bxc5 Rxc5 27.
Red1 Rd6 28. Rxd6 cxd6 29. Rd1 Rb5 30. b4 Rb6 31. Kf1 Rc6 32. Rc1 g6 33. g4 Kf7
34. Ke2 gxf5 35. gxf5 Rc8 36. Rd1 Rxc3 37. Rxd6 b5 38. Rxa6 Rc4 39. Ra7+ Kg8
40. Kf3 Rxb4 41. Ra8+ Kg7 42. Ra7+ Kg8 43. Ra8+ 1/2-1/2

[Event "LYM - Young Masters"]
[Site "Lausanne - Hôtel Alpha Palmier"]
[Date "2003.??.??"]
[Round "2.1"]
[White "McShane, Luke"]
[Black "Mamedyarov, Shakhriyar"]
[Result "1/2-1/2"]
[WhiteElo "2619"]
[BlackElo "2585"]
[PlyCount "112"]
[EventDate "2003.??.??"]

1. e4 e5 2. Nf3 Nc6 3. Bb5 Nf6 4. O-O Nxe4 5. d4 Nd6 6. Bxc6 dxc6 7. dxe5 Nf5
8. Qxd8+ Kxd8 9. Nc3 Ne7 10. h3 h6 11. b3 Ng6 12. Bd2 Ke8 13. Ne4 Bd7 14. Rfe1
c5 15. Rad1 Rd8 16. c4 Nf4 17. Bc1 Ne6 18. Nc3 Be7 19. Nd5 Bc6 20. Rd3 Bxd5 21.
Rxd5 c6 22. Rxd8+ Kxd8 23. Rd1+ Kc7 24. Bb2 b5 25. Kf1 Rb8 26. Bc3 Kc8 27. g3
Rb6 28. Ra1 f5 29. Ke2 b4 30. Bb2 a5 31. a4 Rb7 32. Ne1 Rd7 33. Ng2 Bf8 34. Nh4
f4 35. Ng6 fxg3 36. fxg3 Rf7 37. Rd1 Kc7 38. h4 Be7 39. Rd3 Kc8 40. Nh8 Rf8 41.
Ng6 Re8 42. Rf3 Bd6 43. Rf7 Bc7 44. Ne7+ Kb7 45. Nf5 Kb6 46. Nxg7 Nxg7 47. Rxg7
Bxe5 48. Bxe5 Rxe5+ 49. Kf2 Rf5+ 50. Kg2 Re5 51. Rf7 h5 52. Kf2 Re8 53. Rf4 Rd8
54. Ke2 Re8+ 55. Kd3 Rg8 56. Rf3 Kc7 1/2-1/2

[Event "LYM - Young Masters"]
[Site "Lausanne - Hôtel Alpha Palmier"]
[Date "2003.??.??"]
[Round "2.2"]
[White "Papa, Séverin"]
[Black "Karjakin, Sergey"]
[Result "0-1"]
[WhiteElo "2372"]
[BlackElo "2560"]
[PlyCount "40"]
[EventDate "2003.??.??"]

1. e4 c5 2. Nf3 d6 3. d4 cxd4 4. Nxd4 Nf6 5. Nc3 a6 6. Bc4 e6 7. Bb3 b5 8. Bg5
Be7 9. Qf3 Qc7 10. e5 Bb7 11. exd6 Bxd6 12. Qe3 Bc5 13. O-O-O Nc6 14. Bxf6 gxf6
15. Nd5 Qd8 16. c3 Nxd4 17. cxd4 Ba7 18. Nf4 Qd6 19. Nh5 O-O-O 20. Nxf6 Bxd4
0-1

[Event "LYM - Young Masters"]
[Site "Lausanne - Hôtel Alpha Palmier"]
[Date "2003.09.21"]
[Round "3.1"]
[White "Pähtz, Elisabeth"]
[Black "Papa, Severin"]
[Result "1/2-1/2"]
[WhiteElo "2417"]
[BlackElo "2372"]
[PlyCount "93"]
[EventDate "2003.??.??"]

1. e4 c5 2. Nf3 d6 3. d4 Nf6 4. Nc3 cxd4 5. Nxd4 a6 6. Be3 Ng4 7. Bc1 Nf6 8. h3
e6 9. g4 d5 10. exd5 Nxd5 11. Bd2 Bb4 12. Bg2 Nxc3 13. bxc3 Bc5 14. Be3 Qc7 15.
O-O O-O 16. Rb1 Nd7 17. Qe2 Bd6 18. f4 Re8 19. Qd2 Nf6 20. Ne2 Rb8 21. c4 Rd8
22. Qc3 Bc5 23. Rfd1 Bd7 24. g5 Ne8 25. Kh2 Bxe3 26. Qxe3 Bc6 27. Qc5 Bxg2 28.
Qxc7 Nxc7 29. Kxg2 Rxd1 30. Rxd1 Kf8 31. Kf3 Ke7 32. Ke4 Ne8 33. c5 Rc8 34. Rb1
Rc7 35. Nd4 Kd8 36. Nb3 Kc8 37. Rd1 f6 38. h4 Re7 39. c4 Kc7 40. Na5 b6 41.
cxb6+ Kxb6 42. Nb3 Kc7 43. c5 Rd7 44. Nd4 Kc8 45. Rb1 Nc7 46. gxf6 gxf6 47. Nb3
1/2-1/2

[Event "LYM - Young Masters"]
[Site "Lausanne - Hôtel Alpha Palmier"]
[Date "2003.??.??"]
[Round "3.2"]
[White "McShane, Luke"]
[Black "Bacrot, Etienne"]
[Result "1-0"]
[WhiteElo "2619"]
[BlackElo "2645"]
[PlyCount "69"]
[EventDate "2003.??.??"]

1. e4 e5 2. Nf3 d6 3. d4 exd4 4. Nxd4 Nf6 5. Nc3 Be7 6. g3 d5 7. exd5 Nxd5 8.
Bd2 Nb4 9. Be3 Nd5 10. Qd3 O-O 11. O-O-O Nxe3 12. Qxe3 Bc5 13. Qf4 Bd6 14. Qd2
Bb4 15. Bc4 Nd7 16. a3 Ba5 17. Rhe1 Nb6 18. Ba2 c5 19. Ndb5 Qf6 20. Nc7 Bg4 21.
Nxa8 Na4 22. Nc7 Nxc3 23. bxc3 Bxc7 24. f3 Bc8 25. Qe3 Ba5 26. Qxc5 Bb6 27. Qe7
Qxf3 28. Bd5 Qh5 29. Re5 Qh6+ 30. Kb2 g6 31. Rf1 Bf5 32. g4 Bd8 33. Qd6 Qh3 34.
Rf3 Qxg4 35. Rexf5 1-0

[Event "LYM - Young Masters"]
[Site "Lausanne - Hôtel Alpha Palmier"]
[Date "2003.??.??"]
[Round "3.2"]
[White "Papa, Séverin"]
[Black "Pähtz, Elisabeth"]
[Result "1-0"]
[WhiteElo "2372"]
[BlackElo "2417"]
[PlyCount "73"]
[EventDate "2003.??.??"]

1. e4 c5 2. Nf3 e6 3. Nc3 a6 4. d4 cxd4 5. Nxd4 Qc7 6. Bd3 b5 7. O-O Nc6 8.
Nxc6 dxc6 9. f4 Bb7 10. e5 Nh6 11. Qf3 Nf5 12. a4 b4 13. Nd1 g6 14. Be4 h5 15.
Be3 a5 16. Bf2 Rd8 17. c3 Rd7 18. Ne3 Bc5 19. Rfd1 Nxe3 20. Bxe3 Qb6 21. Kf2
Bxe3+ 22. Qxe3 Qxe3+ 23. Kxe3 bxc3 24. bxc3 Kd8 25. Rdb1 Kc7 26. Rb2 Rb8 27.
Rab1 Rdd8 28. Kf3 Ba8 29. Rxb8 Rxb8 30. Rxb8 Kxb8 31. g4 Kc7 32. gxh5 gxh5 33.
Kg3 Kd8 34. Kh4 Ke7 35. Kxh5 f5 36. Bf3 Kf7 37. Kg5 1-0